VOCALOID伝説入り 所要時間TOP100 - Statistics

General Stats
  • This quiz has been taken 157 times
  • The average score is 26 of 100
Answer Stats
# 所要時間 Answer % Correct
1 6日5時間19分 砂の惑星
77%
14 37日1時間10分 メルト
73%
16 41日23時間50分 千本桜
73%
13 32日16時間16分 マトリョシカ
69%
25 49日13時間53分 ゴーストルール
62%
46 76日4時間25分 ヒバナ
62%
84 134日1時間52分 ローリンガール
62%
31 57日22時間52分 ドーナツホール
59%
30 53日22時間2分 ロキ
55%
50 80日22時間28分 六兆年と一夜物語
54%
38 68日3時間36分 ヴァンパイア
52%
65 107日18時間38分 カゲロウデイズ
52%
11 29日20時間8分 ワールズエンド・ダンスホール
50%
66 107日22時間42分 炉心融解
50%
39 68日20時間25分 KING
50%
17 42日8時間3分 パンダヒーロー
49%
28 51日6時間40分 アンノウン・マザーグース
49%
3 20日2時間35分 乙女解剖
46%
6 25時間21時間16分 モザイクロール
44%
8 27日22時間3分 チルドレンレコード
43%
51 83日2時間40分 神っぽいな
42%
43 73日4時間4分 いーあるふぁんくらぶ
39%
49 80日11時間24分 フォニイ
39%
64 105日3分 サマータイムレコード
39%
75 120日4時間17分 エイリアンエイリアン
39%
47 77日8時間10分 ワールドイズマイン
38%
22 47日5時間50分 アンハッピーリフレイン
37%
27 51日3時間16分 強風オールバック
37%
52 83日5時間8分 脳漿炸裂ガール
37%
59 94日7時間48日 ロミオとシンデレラ
37%
42 73日2時間11分 深海
34%
21 46日21時間36分 ロウワー
33%
35 61日14時間29分 脱法ロック
32%
26 50日17時間59分 拝啓ドッペルゲンガー
31%
40 71日10分 バグ
31%
97 154日17時間40分 太陽系デスコ
31%
4 20日6時間4分 FREELY TOMORROW
31%
24 48日2時間45分 劣等上等
30%
70 114日21時間52分 ビターチョコデコレーション
30%
89 140日3時間 インビジブル
30%
10 28日22時間44分 夜咄ディセイブ
29%
45 75日2時間13分 エンヴィーベイビー
28%
53 87日4時間26分 QUEEN
28%
5 25日20時間56分 みくみくにしてあげる♪
27%
62 100日19時間4分 セツナトリップ
27%
7 26日18時間51分 ロスタイムメモリー
26%
60 98日11時間36分 マーシャル・マキシマイザー
25%
91 143日2時間11分 転生林檎
25%
56 87日19時間39分 如月アテンション
23%
99 155日14時間46分 トンデモワンダーズ
22%
12 30日3時間56分 ダブルラリアット
21%
69 112日18時間22分 ボッカデラベリタ
20%
36 67日5時間23分 ラヴィ
19%
37 67日20時間9分 キュートなカノジョ
19%
48 78日4時間20分 アウターサイエンス
19%
82 133日1時間42分 雨とペトラ
19%
83 133日11時間54分 アイデンティティ
19%
9 28日9時間37分 グリーンライツ・セレナーデ
18%
18 43日22時間40分 ビバハピ
18%
54 87日7時間59分 魔法少女とチョコレゐト
18%
68 112日36分 オツキミリサイタル
18%
100 156日16時間 彗星ハネムーン
18%
34 60日2時間42分 匿名M
18%
67 109日23時間12分 ブラック★ロックシューター
16%
85 134日16時間11分 想像フォレスト
16%
76 125日22時間20分 Just Be Friends
16%
92 144日16時間12分 夕景イエスタデイ
15%
79 128日10時間21分 magnet
15%
72 119日1時間56分 イカサマライフゲイム
14%
2 17日16時間51分 パメラ
13%
55 87日15時間36分 アヤノの幸福理論
13%
57 87日22時間17分 チュルリラ・チュルリラ・ダッダッダ!
12%
23 47日22時間13分 デビルじゃないもん
11%
41 71日12時間 レクイエム
11%
73 119日14時間21分 コノハの世界事情
11%
87 136日23時間16分 アニマル
11%
32 58日21時間 ザムザ
10%
80 130日20時間52分 愛言葉Ⅲ
10%
20 46日4時間47分 こちら、幸福安心委員会です。
9%
29 51日9時間33分 ノマド
9%
96 152日51分 アディショナルメモリー
9%
58 88日21時間27分 リンちゃんなう!
7%
90 140日18時間1分 星界ちゃんと可不ちゃんのおつかい合騒曲
6%
81 131日16時間52分 Ready Steady
6%
71 117日4時間57分 花に風
5%
77 127日3時間37分 アイロニック
5%
63 103日12時間26分 バイオレンストリガー
4%
98 155日23時間46分 罪の名前
4%
15 39日9時間22分 アカリがやってきたぞっ
3%
19 45日17時間47分 群青賛歌
3%
33 58日22時間20分 片恋歌
3%
74 120日2時間36分 撥条少女時計
3%
86 135日16時間43分 妄想鑑賞代償連盟
3%
44 73日18時間31分 Ievan Polkka
3%
61 99日17時間7分 RIP=RELEASE
3%
93 146日12時間31分 みんなみくみくにしてあげる♪
2%
88 139日15時間26分 ボーカロイドたちがただ叫ぶだけ
1%
94 147日20時間54分 般若心経ポップ
1%
78 128日5時間42分 エゴロック(long ver.)
1%
95 151日07時間17分 はやくそれになりたい!/音街ウナより
0%
No matching quizzes found
Score Distribution
Percent of People with Each Score
Percentile by Number Answered
Your Score History
You have not taken this quiz